00377cam a22001217a 4500008004000000082001400040100002200054245008600076260002400162300001000186650004200196700001700238180718b1993 xxu||||| |||| 00| 0 eng d aQ811 W139 aWakhlu, Khem Lata aKidnapped: 45 days with militants in Kashmircby Khem Lata Wakhlu and O.N. Wakhlu aDelhibKonarkc1993 a235p. aTerrorism - India - Jammu and Kashmir aWakhlu, O.N.